| 000 | 00624nam a2200241Ia 4500 | ||
|---|---|---|---|
| 005 | 20250425162541.0 | ||
| 008 | 250425s9999 xx 000 0 und d | ||
| 020 | _a9780521794541 | ||
| 041 | _aeng | ||
| 082 | _a428.64 | ||
| 100 | _aJOHNSON, MARGARET | ||
| 245 | 0 | _aALL I WANT | |
| 250 | _a1ST ED. | ||
| 260 | _aCAMBRIDGE | ||
| 260 |
_aReino Unido _bCAMBRIDGE UNIVERSITY PRESS _c2000 |
||
| 300 | _a96 | ||
| 650 | _aBRIGHTON (INGLATERRA) - FICCION | ||
| 650 | _aHISTORIAS DE AMOR | ||
| 650 | _aIDIOMA INGLES-LIBROS DE TEXTO PARA EXTRANJEROS | ||
| 650 | _aLECTORES (ADULTO) | ||
| 942 | _c01 | ||
| 010 | _a84836 | ||
| 999 |
_c231547 _d231547 |
||